Sousa Marches by Description - Statistics

General Stats
  • This quiz has been taken 8 times
  • The average score is 8 of 12
Answer Stats
Description Answer % Correct
The American Flag for Eternity The Stars and Stripes Forever
100%
Grade 9-12 Military Trainees The High School Cadets
86%
Monarch Staple Crop used in Clothing King Cotton
71%
20th President's Swearing-In President Garfield's Inauguration
71%
Always Faithful Semper Fidelis
71%
The Freedom Percussion Instrument The Liberty Bell March
71%
Major American Journalistic Institution The Washington Post March
71%
Limbs Along the Ocean Hands across the Sea
57%
The New Fiancee The Bride Elect
57%
The Chivalrous Eight The Gallant Seventh
57%
The Captain El Capitan
43%
Most Just of the Just Fairest of the Fair
29%
No matching quizzes found
Score Distribution
Percent of People with Each Score
Percentile by Number Answered
Your Score History
You have not taken this quiz